00245nam a2200109Ia 4500100002000000250000600020654001800026245005000044260001200094082001700106546001200123 aModi/ Suresh M  a3 aSpecimen copy aCreating Customer Satisfaction Excellen : B3 bDaNONE a658.562bMOD aENGLISH